| 000 | 00907cam a2200277 4500 | ||
|---|---|---|---|
| 008 | 090401t1992 xxu||||| |||| 00| 0 eng d | ||
| 020 | _a0905488180 | ||
| 035 | _a(Sirsi) u77989 | ||
| 041 | _aeng | ||
| 050 | _a696 | ||
| 100 | _aFrampton, D.I. | ||
| 245 | _aBuilding engineering services: some aspects of mechanical services design. | ||
| 260 |
_aNottingham _bNottingham Polytechnic _c1992 |
||
| 300 | _aiv,312p. : ill. ; 30cm. | ||
| 350 | _a20 | ||
| 650 | _aBUILT ENVIRONMENT-BUILDING ELEMENTS-COMPLETE BUILDING SERVICES ELEMENTS-COMPLETE HEATING, VENTILATION AND AIR CONDITIONING SYSTEMS | ||
| 650 | _aBUILT ENVIRONMENT-CONSTRUCTION DESIGN | ||
| 650 | _aBUILDING ENGINEERING SERVICES | ||
| 650 | _aHEATING | ||
| 650 | _aMECHANICAL SERVICES | ||
| 650 | _aVENTILATION | ||
| 690 |
_aBlock management _96220 |
||
| 710 |
_aNottingham Polytechnic _9109 |
||
| 942 | _n0 | ||
| 948 | _c04/03/1997 | ||
| 999 |
_c96375 _d96375 |
||